Countries with the Most Beautiful Women Quiz Stats

 Plays Quiz Updated Dec 28, 2020

Support Sporcle.
Go Orange.
Score 0/28 Timer 04:00
1 Play Today
Winners Country % Correct
15United States
98.9%
6Brazil
92.7%
8United Kingdom
91.6%
4France
90.4%
5Mexico
88.2%
3Canada
86.8%
4Spain
86.7%
5Germany
86%
3Japan
85.4%
4Argentina
81.1%
6Sweden
81%
7Australia
79.4%
9India
74.2%
3Norway
72.8%
Winners Country % Correct
4Finland
66.7%
6South Africa
65.2%
5Colombia
62.1%
23Venezuela
60.8%
3Peru
60%
3Greece
58.3%
4Poland
56.4%
4Netherlands
53.2%
3Thailand
41%
4Iceland
39.1%
15Philippines
35.8%
3Ecuador
35.2%
4Jamaica
33.8%
3Trinidad And Tobago
9.1%

You're not logged in!

Compare scores with friends on all Sporcle quizzes.
OR
Log In

From the Vault

15 Seconds of Fame: Halle Berry

by Doctor_Arzt

We're pretty sure Halle Berry has been famous for more than 15 seconds.
Remove Ads.
Support Sporcle.
Get the best of Sporcle when you Go Orange. This ad-free experience offers more features, more stats, and more fun while also helping to support Sporcle. Thank you for becoming a member.

Show Comments

Extras

Top Quizzes Today


Score Distribution

Your Account Isn't Verified!

In order to create a playlist on Sporcle, you need to verify the email address you used during registration. Go to your Sporcle Settings to finish the process.

Report this User

Report this user for behavior that violates our Community Guidelines.

Details: